000 01680nam0a2200313 4500
001 RU\NLR\bibl\810357
005 20260409065403.0
010 _a5-7389-0282-3
_9150
021 _aRU
_b2005-15033
_9761
035 _a(NLR Aleph) 000799432
090 _a1171837
_c1171837
100 _a20050616d2004 u y0rusy50 ca
101 0 _arus
102 _aRU
105 _ay |||||||||
200 1 _aРяды
_eучебное пособие
_e[для студентов специальносей "Прикладная математика", "Программное обеспечение" и других физико-математических специальностей, изучающих специальные главы высшей математики]
_fЕ.Г. Агапова
_gМ-во образования Рос. Федерации, Гос. образоват. учреждение высш. проф. образования "Хабаров. гос. техн. ун-т"
210 _aХабаровск
_cИзд-во ХГТУ
_d2004
215 _a123 с.
_d20
320 _aБиблиогр.: с. 119 (10 назв.)
606 _aРяды (мат.)
_jРуководства, пособия и т.п. для высшей школы
_9937155
_3RU\NLR\auth\6627482
606 _aРяды (мат.)
_jУчебные издания для высших учебных заведений
_9937155
_3RU\NLR\auth\6627482
686 _aВ161.3я73-1
700 1 _aАгапова
_bЕ. Г.
_gЕлена Григорьевна
_4070
801 0 _aRU
_bNLR
_c20050616
_gPSBO
801 1 _aRU
_bNLR
_c20050616
830 _aавт. по кн.
942 _cBOOK
980 _aNB